Cambios que pasan inadvertidos en la representación política: la cancelación de credenciales de regidores municipales /
Kaydedildi:
| Yazar: | |
|---|---|
| Materyal Türü: | Metin |
| Konular: | |
| Etiketler: |
Etiketle
Etiket eklenmemiş, İlk siz ekleyin!
|
MARC
| LEADER | 00000 a a2200000 04500 | ||
|---|---|---|---|
| 001 | 14519 | ||
| 003 | |||
| 040 | |||
| 100 | |a Alfaro Redondo, Ronald | ||
| 245 | |a Cambios que pasan inadvertidos en la representación política: |b la cancelación de credenciales de regidores municipales / |c Ronald Alfaro Redondo | ||
| 650 | |a GOBIERNO LOCAL | ||
| 650 | |a PARTIDOS POLITICOS | ||
| 650 | |a ASPECTOS GEOGRAFICOS | ||
| 650 | |a COSTA RICA | ||
| 773 | |g número 109 (III) - 110 (páginas 69-84) | ||
| 999 | |c 22898 |d 22898 | ||
| 773 | 0 | |0 18728 |9 3031 |a Universidad de Costa Rica |d San José, Costa Rica Editorial UCR 1956- |o 05836 |t Revista de Ciencias Sociales/ |x 04825276 | |
